Statistiken für Liedtext - Das ist dein Leben - Philipp Dittberner

Klicken Sie hier um das Quiz zu spielen!

Allgemein

  • Dieses Quiz wurde 160 mal gespielt
  • Das Durchschnittsergebnis liegt bei 248 aus 395

Antwortstatistiken

Textquiz% Korrekt
Da
100%
da
100%
Das
100%
das
100%
ist
99%
dein
98%
Dein
98%
Leben
98%
Du
96%
du
96%
wie
94%
lebst
88%
und
88%
Und
88%
nicht
84%
wär'
77%
dich
73%
Es
73%
es
73%
Warum
73%
der
72%
lachst
72%
so
72%
Wir
71%
wir
71%
liebst
69%
den
67%
Ja
65%
wieder
62%
selbst
61%
bist
60%
Im
60%
in
60%
genau
59%
sich
58%
dir
57%
die
56%
Die
56%
doch
56%
man
56%
verstehst
56%
an
55%
wissen
55%
zu
55%
ich
54%
geht
53%
mal
53%
dass
52%
immer
51%
manchmal
50%
sicher
50%
Zeit
49%
gehen
48%
mein
48%
nie
48%
einer
46%
verstehen
46%
fliegen
45%
fremd
45%
Denn
44%
wirst
44%
aufstehen
42%
vermisst
42%
Wenn
42%
wenn
42%
Auch
41%
befreit
41%
bleibt
40%
mehr
40%
uns
40%
all
39%
anfangen
38%
hellen
37%
alles
35%
weiter
33%
wer
33%
ab
32%
Hab
31%
heute
31%
noch
31%
schon
31%
bei
30%
dem
30%
lachen
30%
haben
29%
meinem
29%
Dinge
28%
unfair
28%
draußen
27%
tobt
27%
Wein
27%
Leute
26%
trinken
26%
hier
25%
kaufen
25%
teure
25%
Fenster
24%
oder
24%
dazu
23%
gehören
23%
Irgendwie
23%
müssen
23%
halt
22%
schauen
21%
wird
21%
beide
20%
End
20%
klein
19%
laufen
19%
egal
18%
Ganzen
18%
Lächeln
18%
Sache
18%
Happy
17%
kommt
17%
passt
17%
kleinen
16%
neu
16%
alt
15%
glatt
15%
groß
15%
Mit
15%
verrannt
15%
versäumt
15%
Vielleicht
15%
gegangen
14%
Rauch
14%
sagst
14%
Schein
14%
andern
13%
bekannt
12%
geträumt
12%
okay
12%
verlaufen
12%
verliert
12%
Chancen
11%
überschwänglich
11%
Zweifeln
10%
neuem
9%
riskiert
9%
Wird's
8%

Verteilung der Resultate

Perzentil nach korrekt beantworteten Fragen

Anzahl Personen mit jedem Resultat

Ihre Resultats-Entwicklung

Sie haben dieses Quiz noch nicht gespielt